[Event "9th Vellmar Chess Days"]
[Site "chess24.com"]
[Date "2017.07.14"]
[Round "3"]
[White "Thomasson, Staffan"]
[Black "Stoeber, Alexander"]
[Result "1/2-1/2"]
[Board "23"]
[WhiteElo "1921"]
[WhiteCountry "SWE"]
[WhiteFideId "1706284"]
[WhiteEloChange "5"]
[BlackElo "2092"]
[BlackCountry "GER"]
[BlackFideId "16211766"]
[BlackEloChange "-5"]

1. c4 {[%clk 1:30:58]} Nf6 {[%clk 1:30:53]} 2. g3 {[%clk 1:31:21]} d6 {[%clk
1:30:47]} 3. Bg2 {[%clk 1:29:13]} g6 {[%clk 1:31:41]} 4. Nc3 {[%clk 1:28:57]} Bg7
{[%clk 1:32:06]} 5. Nf3 {[%clk 1:27:37]} O-O {[%clk 1:32:29]} 6. O-O {[%clk
1:27:47]} c6 {[%clk 1:32:53]} 7. d4 {[%clk 1:19:49]} Nbd7 {[%clk 1:32:51]} 8. b3
{[%clk 1:19:41]} Re8 {[%clk 1:32:23]} 9. Bb2 {[%clk 1:19:53]} Qc7 {[%clk
1:29:56]} 10. Rc1 {[%clk 1:19:36]} e5 {[%clk 1:29:11]} 11. e3 {[%clk 1:19:15]}
Nf8 {[%clk 1:26:56]} 12. h3 {[%clk 1:17:43]} Qe7 {[%clk 1:24:23]} 13. d5 {[%clk
1:10:33]} e4 {[%clk 1:19:03]} 14. Nd2 {[%clk 1:03:25]} h5 {[%clk 1:15:05]} 15.
Ncxe4 {[%clk 1:00:08]} Nxe4 {[%clk 1:14:50]} 16. Bxg7 {[%clk 1:00:29]} Kxg7
{[%clk 1:12:41]} 17. Nxe4 {[%clk 1:00:06]} Bxh3 {[%clk 1:12:18]} 18. Qd4+ {[%clk
0:57:52]} Qe5 {[%clk 1:10:43]} 19. Nxd6 {[%clk 0:55:55]} Bxg2 {[%clk 1:09:52]}
20. Nxe8+ {[%clk 0:56:00]} Rxe8 {[%clk 1:10:13]} 21. Kxg2 {[%clk 0:51:04]} Qxd4
{[%clk 1:09:32]} 22. exd4 {[%clk 0:49:01]} Re2 {[%clk 1:08:37]} 23. dxc6 {[%clk
0:41:27]} bxc6 {[%clk 1:08:57]} 24. a4 {[%clk 0:40:29]} Ne6 {[%clk 1:05:47]} 25.
Rfd1 {[%clk 0:40:21]} Rb2 {[%clk 1:04:10]} 26. Rc3 {[%clk 0:40:18]} Ng5 {[%clk
1:04:05]} 27. Re3 {[%clk 0:39:47]} f5 {[%clk 1:03:15]} 28. d5 {[%clk 0:39:37]}
cxd5 {[%clk 1:03:10]} 29. cxd5 {[%clk 0:39:54]} Ne4 {[%clk 1:02:36]} 30. d6
{[%clk 0:39:44]} Nxf2 {[%clk 1:02:11]} 31. Re7+ {[%clk 0:38:40]} Kf6 {[%clk
1:02:17]} 32. Rd5 {[%clk 0:35:34]} Ne4+ {[%clk 1:00:24]} 33. Kf1 {[%clk 0:33:26]}
Rb1+ {[%clk 0:57:32]} 34. Kg2 {[%clk 0:32:03]} Rb2+ {[%clk 0:57:45]} 1/2-1/2

[Event "9th Vellmar Chess Days"]
[Site "chess24.com"]
[Date "2017.07.14"]
[Round "3"]
[White "Toepfer, Albrecht"]
[Black "Wolf, Philipp"]
[Result "1-0"]
[Board "24"]
[WhiteElo "2060"]
[WhiteCountry "GER"]
[WhiteFideId "12924067"]
[WhiteEloChange "5"]
[BlackElo "1865"]
[BlackCountry "GER"]
[BlackFideId "12958948"]
[BlackEloChange "-5"]

1. Nf3 {[%clk 1:30:58]} c5 {[%clk 1:29:20]} 2. c4 {[%clk 1:31:07]} Nc6 {[%clk
1:29:25]} 3. g3 {[%clk 1:31:10]} e5 {[%clk 1:29:02]} 4. Nc3 {[%clk 1:31:18]} g6
{[%clk 1:28:13]} 5. Bg2 {[%clk 1:31:21]} Bg7 {[%clk 1:27:59]} 6. O-O {[%clk
1:31:42]} Nge7 {[%clk 1:27:11]} 7. a3 {[%clk 1:31:38]} O-O {[%clk 1:26:42]} 8.
Rb1 {[%clk 1:31:25]} a5 {[%clk 1:23:22]} 9. Ne1 {[%clk 1:30:31]} h6 {[%clk
1:12:21]} 10. Nc2 {[%clk 1:29:15]} g5 {[%clk 1:06:18]} 11. d3 {[%clk 1:20:26]} f5
{[%clk 0:52:34]} 12. Ne3 {[%clk 1:17:15]} f4 {[%clk 0:24:52]} 13. Ned5 {[%clk
1:17:06]} d6 {[%clk 0:22:37]} 14. Bd2 {[%clk 1:15:06]} Ng6 {[%clk 0:17:18]} 15.
b4 {[%clk 1:07:50]} axb4 {[%clk 0:14:23]} 16. axb4 {[%clk 1:08:10]} cxb4 {[%clk
0:14:06]} 17. Ne4 {[%clk 1:06:02]} Be6 {[%clk 0:05:35]} 18. Bxb4 {[%clk 1:03:52]}
Bxd5 {[%clk 0:05:06]} 19. cxd5 {[%clk 1:04:11]} Nxb4 {[%clk 0:04:54]} 20. Rxb4
{[%clk 1:04:34]} Rb8 {[%clk 0:03:04]} 21. Qb3 {[%clk 1:04:02]} Rf7 {[%clk
0:01:44]} 22. Bh3 {[%clk 1:01:05]} Kh8 {[%clk 0:00:52]} 23. Be6 {[%clk 0:59:08]}
Rc7 {[%clk 0:00:41]} 24. Rb6 {[%clk 0:57:03]} Bf8 {[%clk 0:00:37]} 25. Rb1 {[%clk
0:55:12]} fxg3 {[%clk 0:00:38]} 26. hxg3 {[%clk 0:54:54]} Be7 {[%clk 0:00:36]}
27. Bf5 {[%clk 0:53:06]} Nf8 {[%clk 0:00:43]} 28. g4 {[%clk 0:47:51]} Nd7 {[%clk
0:00:37]} 29. Nxd6 {[%clk 0:47:01]} Kg7 {[%clk 0:00:35]} 30. Bxd7 {[%clk
0:46:34]} Bxd6 {[%clk 0:00:44]} 31. Bf5 {[%clk 0:44:23]} Rf7 {[%clk 0:00:36]} 32.
e4 {[%clk 0:44:01]} Qc7 {[%clk 0:00:34]} 33. Qb2 {[%clk 0:39:59]} Kf8 {[%clk
0:00:27]} 34. Rc1 {[%clk 0:38:53]} Qe7 {[%clk 0:00:33]} 35. Kg2 {[%clk 0:38:03]}
Kg7 {[%clk 0:00:33]} 36. Rc2 {[%clk 0:33:49]} Bc5 {[%clk 0:00:32]} 37. Rg6+
{[%clk 0:33:23]} Kf8 {[%clk 0:00:34]} 38. Rxh6 {[%clk 0:32:50]} Kg7 {[%clk
0:00:36]} 39. Rg6+ {[%clk 0:31:47]} Kf8 {[%clk 0:00:33]} 40. Re6 {[%clk 0:31:26]}
Qc7 {[%clk 0:00:32]} 41. Rxc5 {[%clk 0:21:31]} Qxc5 {[%clk 0:17:45]} 42. Qxe5
{[%clk 0:53:13]} 1-0

[Event "9th Vellmar Chess Days"]
[Site "chess24.com"]
[Date "2017.07.14"]
[Round "3"]
[White "Lehnert, Michael"]
[Black "Hettler, Wolfgang"]
[Result "1/2-1/2"]
[Board "25"]
[WhiteElo "1899"]
[WhiteCountry "GER"]
[WhiteFideId "4610210"]
[WhiteEloChange "4"]
[BlackElo "2040"]
[BlackCountry "GER"]
[BlackFideId "4677706"]
[BlackEloChange "-4"]

1. e4 {[%clk 1:30:22]} c6 {[%clk 1:10:16]} 2. d4 {[%clk 1:26:59]} d5 {[%clk
1:10:36]} 3. exd5 {[%clk 1:27:00]} cxd5 {[%clk 1:10:56]} 4. h3 {[%clk 1:26:52]}
Nf6 {[%clk 1:11:14]} 5. Bd3 {[%clk 1:26:40]} Nc6 {[%clk 1:09:21]} 6. Nf3 {[%clk
1:26:40]} g6 {[%clk 1:09:21]} 7. c3 {[%clk 1:26:04]} Bg7 {[%clk 1:09:42]} 8. Bf4
{[%clk 1:24:09]} O-O {[%clk 1:09:44]} 9. O-O {[%clk 1:23:53]} Re8 {[%clk
1:07:23]} 10. Nbd2 {[%clk 1:15:29]} Bd7 {[%clk 1:06:32]} 11. Bh2 {[%clk 1:03:49]}
Qc8 {[%clk 1:04:32]} 12. Ne5 {[%clk 1:03:13]} Bf5 {[%clk 0:54:25]} 13. Ndf3
{[%clk 0:56:27]} Bxd3 {[%clk 0:48:30]} 14. Qxd3 {[%clk 0:56:46]} Nd7 {[%clk
0:48:35]} 15. Qb5 {[%clk 0:46:23]} Ncxe5 {[%clk 0:48:28]} 16. dxe5 {[%clk
0:43:05]} e6 {[%clk 0:48:19]} 17. Rac1 {[%clk 0:41:33]} a6 {[%clk 0:42:49]}
1/2-1/2

[Event "9th Vellmar Chess Days"]
[Site "chess24.com"]
[Date "2017.07.14"]
[Round "3"]
[White "Mann, Jonas"]
[Black "Werner, Martin"]
[Result "0-1"]
[Board "26"]
[WhiteElo "1899"]
[WhiteCountry "GER"]
[WhiteFideId "12900214"]
[WhiteEloChange "-6"]
[BlackElo "2036"]
[BlackCountry "GER"]
[BlackFideId "4607970"]
[BlackEloChange "6"]

1. c4 {[%clk 1:30:21]} e6 {[%clk 1:30:52]} 2. g3 {[%clk 1:30:34]} d5 {[%clk
1:31:16]} 3. Bg2 {[%clk 1:30:56]} c5 {[%clk 1:31:30]} 4. Nf3 {[%clk 1:31:02]} Nc6
{[%clk 1:31:53]} 5. O-O {[%clk 1:31:15]} Nf6 {[%clk 1:32:04]} 6. cxd5 {[%clk
1:31:16]} exd5 {[%clk 1:32:27]} 7. d4 {[%clk 1:31:37]} Be7 {[%clk 1:32:53]} 8.
Nc3 {[%clk 1:30:51]} O-O {[%clk 1:33:16]} 9. Bg5 {[%clk 1:27:05]} cxd4 {[%clk
1:33:21]} 10. Nxd4 {[%clk 1:27:13]} h6 {[%clk 1:33:44]} 11. Bf4 {[%clk 1:24:58]}
Bg4 {[%clk 1:33:55]} 12. Qd2 {[%clk 1:19:38]} Qd7 {[%clk 1:28:24]} 13. Rac1
{[%clk 1:14:20]} Bh3 {[%clk 1:21:34]} 14. Rfd1 {[%clk 1:12:06]} Bxg2 {[%clk
1:18:56]} 15. Kxg2 {[%clk 1:12:29]} Rfe8 {[%clk 1:14:27]} 16. Ndb5 {[%clk
1:11:03]} Bd8 {[%clk 0:53:04]} 17. Nd6 {[%clk 1:01:40]} Re6 {[%clk 0:51:13]} 18.
Nxd5 {[%clk 0:59:08]} g5 {[%clk 0:34:52]} 19. Be3 {[%clk 0:48:59]} Ba5 {[%clk
0:28:42]} 20. Qc2 {[%clk 0:44:48]} Nxd5 {[%clk 0:27:01]} 0-1

[Event "9th Vellmar Chess Days"]
[Site "chess24.com"]
[Date "2017.07.14"]
[Round "3"]
[White "Bajorski, Marius"]
[Black "Siebarth, Marco"]
[Result "0-1"]
[Board "27"]
[WhiteElo "1896"]
[WhiteCountry "GER"]
[WhiteFideId "12938831"]
[WhiteEloChange "-6"]
[BlackElo "2024"]
[BlackCountry "GER"]
[BlackFideId "24604330"]
[BlackEloChange "6"]

1. d4 {[%clk 1:30:30]} d5 {[%clk 1:29:39]} 2. Nc3 {[%clk 1:30:56]} c6 {[%clk
1:28:15]} 3. Bf4 {[%clk 1:30:02]} Nf6 {[%clk 1:28:09]} 4. e3 {[%clk 1:28:23]} h6
{[%clk 1:26:19]} 5. Nf3 {[%clk 1:25:47]} Bf5 {[%clk 1:25:24]} 6. Bd3 {[%clk
1:24:46]} Bxd3 {[%clk 1:23:35]} 7. Qxd3 {[%clk 1:23:46]} e6 {[%clk 1:23:53]} 8.
O-O {[%clk 1:23:49]} Bd6 {[%clk 1:24:07]} 9. Bg3 {[%clk 1:21:35]} O-O {[%clk
1:23:59]} 10. e4 {[%clk 1:16:22]} dxe4 {[%clk 1:23:48]} 11. Nxe4 {[%clk 1:15:25]}
Nxe4 {[%clk 1:24:16]} 12. Qxe4 {[%clk 1:15:45]} Bxg3 {[%clk 1:24:43]} 13. hxg3
{[%clk 1:16:07]} Nd7 {[%clk 1:24:58]} 14. c3 {[%clk 1:13:47]} Qb6 {[%clk
1:24:00]} 15. Qc2 {[%clk 1:13:41]} Rad8 {[%clk 1:21:55]} 16. Rad1 {[%clk
1:13:07]} c5 {[%clk 1:19:07]} 17. Rd3 {[%clk 1:07:30]} c4 {[%clk 1:17:04]} 18.
Rd2 {[%clk 1:06:41]} Qa5 {[%clk 1:17:05]} 19. Qb1 {[%clk 1:06:00]} Nb6 {[%clk
1:16:21]} 20. Re1 {[%clk 0:58:53]} Rd5 {[%clk 1:15:13]} 21. Ne5 {[%clk 0:54:22]}
Rfd8 {[%clk 1:10:06]} 22. Rde2 {[%clk 0:52:23]} Rf8 {[%clk 1:02:05]} 23. Re3
{[%clk 0:47:51]} Qb5 {[%clk 1:00:16]} 24. Qc2 {[%clk 0:42:17]} Nd7 {[%clk
0:58:29]} 25. Nxd7 {[%clk 0:20:15]} Qxd7 {[%clk 0:58:43]} 26. Re5 {[%clk
0:20:00]} Rxe5 {[%clk 0:54:07]} 27. Rxe5 {[%clk 0:20:16]} b6 {[%clk 0:54:36]} 28.
Qe4 {[%clk 0:19:26]} Qa4 {[%clk 0:52:15]} 29. Qb1 {[%clk 0:18:08]} Rd8 {[%clk
0:52:19]} 30. b3 {[%clk 0:16:06]} Qa3 {[%clk 0:47:48]} 31. Qc2 {[%clk 0:12:33]}
cxb3 {[%clk 0:45:27]} 32. axb3 {[%clk 0:12:27]} Rc8 {[%clk 0:44:44]} 33. Re3
{[%clk 0:11:35]} b5 {[%clk 0:44:08]} 34. Rd3 {[%clk 0:09:37]} a5 {[%clk 0:43:01]}
35. c4 {[%clk 0:08:12]} Qb4 {[%clk 0:38:57]} 36. c5 {[%clk 0:05:30]} a4 {[%clk
0:33:49]} 37. Qc3 {[%clk 0:01:19]} Qxc3 {[%clk 0:32:49]} 38. Rxc3 {[%clk
0:01:47]} a3 {[%clk 0:32:08]} 39. Rc2 {[%clk 0:00:46]} Rd8 {[%clk 0:24:49]} 40.
Rd2 {[%clk 0:00:37]} Ra8 {[%clk 0:22:03]} 41. Ra2 {[%clk 0:30:13]} b4 {[%clk
0:53:24]} 42. Kf1 {[%clk 0:27:33]} e5 {[%clk 0:50:29]} 43. Ke2 {[%clk 0:25:51]}
exd4 {[%clk 0:43:50]} 44. Kd3 {[%clk 0:25:45]} Rd8 {[%clk 0:44:05]} 45. Rd2
{[%clk 0:19:25]} f5 {[%clk 0:41:08]} 46. Kc2 {[%clk 0:16:09]} d3+ {[%clk
0:31:30]} 47. Kb1 {[%clk 0:14:00]} Kf7 {[%clk 0:27:26]} 48. c6 {[%clk 0:14:15]}
Kf6 {[%clk 0:27:31]} 49. c7 {[%clk 0:14:26]} Rc8 {[%clk 0:28:00]} 50. Rxd3 {[%clk
0:14:51]} Rxc7 {[%clk 0:28:28]} 51. Rd4 {[%clk 0:15:15]} a2+ {[%clk 0:28:13]} 52.
Kxa2 {[%clk 0:14:50]} Rc2+ {[%clk 0:28:39]} 53. Kb1 {[%clk 0:14:52]} Rxf2 {[%clk
0:29:07]} 54. Rxb4 {[%clk 0:15:06]} Rxg2 {[%clk 0:29:33]} 55. Rc4 {[%clk
0:15:06]} Rxg3 {[%clk 0:29:52]} 56. b4 {[%clk 0:14:36]} Rg4 {[%clk 0:30:09]} 0-1

[Event "9th Vellmar Chess Days"]
[Site "chess24.com"]
[Date "2017.07.14"]
[Round "3"]
[White "Gerhardt, Dirk"]
[Black "Wiewesiek, Timo"]
[Result "1/2-1/2"]
[Board "28"]
[WhiteElo "1878"]
[WhiteCountry "GER"]
[WhiteFideId "4665139"]
[WhiteEloChange "3"]
[BlackElo "1993"]
[BlackCountry "GER"]
[BlackFideId "12920193"]
[BlackEloChange "-3"]

1. d4 {[%clk 1:29:23]} Nf6 {[%clk 1:30:40]} 2. Nf3 {[%clk 1:29:11]} d6 {[%clk
1:30:46]} 3. c3 {[%clk 1:27:57]} g6 {[%clk 1:31:01]} 4. Bg5 {[%clk 1:25:59]} Bg7
{[%clk 1:31:07]} 5. Nbd2 {[%clk 1:25:48]} O-O {[%clk 1:28:46]} 6. e4 {[%clk
1:25:56]} Nbd7 {[%clk 1:27:50]} 7. Bc4 {[%clk 1:22:04]} e5 {[%clk 1:26:27]} 8.
dxe5 {[%clk 1:20:03]} dxe5 {[%clk 1:26:40]} 9. O-O {[%clk 1:20:08]} c6 {[%clk
1:26:25]} 10. Qc2 {[%clk 1:14:06]} Qc7 {[%clk 1:25:53]} 11. Rad1 {[%clk 1:14:01]}
Nc5 {[%clk 1:22:40]} 12. Be3 {[%clk 1:09:59]} Ne6 {[%clk 1:21:13]} 13. h3 {[%clk
1:07:27]} h6 {[%clk 1:18:02]} 14. Bb3 {[%clk 1:03:57]} Nf4 {[%clk 1:02:36]} 15.
Kh2 {[%clk 0:59:11]} b6 {[%clk 0:38:47]} 16. Nc4 {[%clk 0:49:47]} Ne8 {[%clk
0:37:19]} 17. Ng1 {[%clk 0:41:11]} c5 {[%clk 0:32:34]} 18. Qd2 {[%clk 0:30:16]}
h5 {[%clk 0:24:51]} 19. g3 {[%clk 0:23:33]} Ne6 {[%clk 0:25:07]} 20. Na3 {[%clk
0:21:00]} Ba6 {[%clk 0:22:09]} 21. Bxe6 {[%clk 0:16:33]} fxe6 {[%clk 0:21:45]}
22. Rfe1 {[%clk 0:16:50]} Nf6 {[%clk 0:18:30]} 23. f3 {[%clk 0:14:05]} Rad8
{[%clk 0:18:19]} 24. Qc2 {[%clk 0:14:18]} Kf7 {[%clk 0:17:16]} 25. Rxd8 {[%clk
0:13:33]} Rxd8 {[%clk 0:17:41]} 26. Rd1 {[%clk 0:13:43]} Rd7 {[%clk 0:15:06]} 27.
Kg2 {[%clk 0:12:00]} Bf8 {[%clk 0:14:29]} 28. Qa4 {[%clk 0:09:30]} Rxd1 {[%clk
0:11:18]} 29. Qxd1 {[%clk 0:09:54]} Qd7 {[%clk 0:09:09]} 1/2-1/2

[Event "9th Vellmar Chess Days"]
[Site "chess24.com"]
[Date "2017.07.14"]
[Round "3"]
[White "Domroese, Michael"]
[Black "Krausse, Eckhard"]
[Result "1-0"]
[Board "29"]
[WhiteElo "1842"]
[WhiteCountry "GER"]
[WhiteFideId "24696145"]
[WhiteEloChange "14"]
[BlackElo "1993"]
[BlackCountry "GER"]
[BlackFideId "4638174"]
[BlackEloChange "-14"]

1. e4 {[%clk 1:30:30]} c5 {[%clk 1:29:55]} 2. Nc3 {[%clk 1:30:56]} g6 {[%clk
1:30:03]} 3. f4 {[%clk 1:31:24]} Bg7 {[%clk 1:30:11]} 4. Nf3 {[%clk 1:31:51]} d6
{[%clk 1:29:49]} 5. Bc4 {[%clk 1:32:07]} e6 {[%clk 1:27:31]} 6. O-O {[%clk
1:32:08]} Ne7 {[%clk 1:27:20]} 7. d3 {[%clk 1:32:31]} O-O {[%clk 1:26:23]} 8. Qe1
{[%clk 1:32:56]} Nbc6 {[%clk 1:24:50]} 9. f5 {[%clk 1:31:15]} exf5 {[%clk
1:23:46]} 10. Qh4 {[%clk 1:31:16]} Ne5 {[%clk 1:21:32]} 11. Bg5 {[%clk 1:30:23]}
N5c6 {[%clk 1:15:28]} 12. Nd5 {[%clk 1:29:19]} h6 {[%clk 1:06:46]} 13. Nxe7+
{[%clk 1:21:30]} Nxe7 {[%clk 1:06:57]} 14. Bxe7 {[%clk 1:21:14]} g5 {[%clk
1:07:00]} 15. Bxd8 {[%clk 1:14:10]} gxh4 {[%clk 1:07:02]} 16. Bxh4 {[%clk
1:14:38]} Re8 {[%clk 1:04:49]} 17. Bb5 {[%clk 1:11:08]} 1-0

[Event "9th Vellmar Chess Days"]
[Site "chess24.com"]
[Date "2017.07.14"]
[Round "3"]
[White "Powalla, Christian"]
[Black "Hoffmann, Lennard"]
[Result "0-1"]
[Board "30"]
[WhiteElo "1826"]
[WhiteCountry "GER"]
[WhiteFideId "24658413"]
[WhiteEloChange "-6"]
[BlackElo "1990"]
[BlackCountry "GER"]
[BlackFideId "12943495"]
[BlackEloChange "6"]

1. e4 {[%clk 1:29:53]} c5 {[%clk 1:30:55]} 2. c3 {[%clk 1:30:17]} d5 {[%clk
1:31:21]} 3. exd5 {[%clk 1:30:42]} Qxd5 {[%clk 1:31:50]} 4. d4 {[%clk 1:31:01]}
Nf6 {[%clk 1:32:00]} 5. Nf3 {[%clk 1:31:07]} Bg4 {[%clk 1:32:09]} 6. Be2 {[%clk
1:31:23]} e6 {[%clk 1:32:07]} 7. O-O {[%clk 1:31:31]} Be7 {[%clk 1:31:47]} 8. Be3
{[%clk 1:31:12]} cxd4 {[%clk 1:31:50]} 9. cxd4 {[%clk 1:31:31]} O-O {[%clk
1:31:30]} 10. Nc3 {[%clk 1:31:50]} Qa5 {[%clk 1:29:31]} 11. a3 {[%clk 1:31:30]}
a6 {[%clk 1:23:30]} 12. Rc1 {[%clk 1:22:15]} Nc6 {[%clk 1:23:09]} 13. h3 {[%clk
1:15:54]} Bh5 {[%clk 1:18:11]} 14. Nd2 {[%clk 1:10:52]} Bxe2 {[%clk 1:17:08]} 15.
Qxe2 {[%clk 1:10:46]} Rad8 {[%clk 1:14:37]} 16. Rfd1 {[%clk 1:10:01]} Nxd4 {[%clk
1:12:45]} 17. Bxd4 {[%clk 1:03:56]} Rxd4 {[%clk 1:13:05]} 18. Nb3 {[%clk
1:03:29]} Rxd1+ {[%clk 1:13:27]} 19. Rxd1 {[%clk 1:03:13]} Qc7 {[%clk 1:09:21]}
20. Nd2 {[%clk 0:59:42]} Bxa3 {[%clk 1:07:26]} 21. Nb5 {[%clk 0:57:07]} axb5
{[%clk 1:05:22]} 22. bxa3 {[%clk 0:55:28]} Qc2 {[%clk 1:05:05]} 23. Re1 {[%clk
0:53:33]} Ra8 {[%clk 1:03:49]} 24. Rb1 {[%clk 0:50:19]} Rd8 {[%clk 1:03:37]} 25.
Rd1 {[%clk 0:47:44]} Ne4 {[%clk 1:03:21]} 0-1

[Event "9th Vellmar Chess Days"]
[Site "chess24.com"]
[Date "2017.07.14"]
[Round "3"]
[White "Pauls, Wilhelm"]
[Black "Boerma, Daniel"]
[Result "1/2-1/2"]
[Board "31"]
[WhiteElo "1988"]
[WhiteCountry "GER"]
[WhiteFideId "12990752"]
[WhiteEloChange "-4"]
[BlackElo "1825"]
[BlackCountry "GER"]
[BlackFideId "12965715"]
[BlackEloChange "4"]

1. e4 {[%clk 1:30:53]} c5 {[%clk 1:30:54]} 2. Nf3 {[%clk 1:31:16]} e6 {[%clk
1:31:21]} 3. d4 {[%clk 1:26:42]} cxd4 {[%clk 1:31:37]} 4. Nxd4 {[%clk 1:27:07]}
Nf6 {[%clk 1:31:12]} 5. Nc3 {[%clk 1:27:27]} a6 {[%clk 1:31:28]} 6. e5 {[%clk
1:26:19]} Ng8 {[%clk 1:31:34]} 7. Bd3 {[%clk 1:22:39]} Qc7 {[%clk 1:31:50]} 8.
O-O {[%clk 1:15:33]} Bc5 {[%clk 1:28:01]} 9. Nb3 {[%clk 1:10:55]} Ba7 {[%clk
1:26:41]} 10. Qg4 {[%clk 1:10:51]} g6 {[%clk 1:25:39]} 11. Ne4 {[%clk 1:09:17]}
Qxe5 {[%clk 1:22:52]} 12. Bf4 {[%clk 1:09:06]} Qg7 {[%clk 1:22:13]} 13. Nd6+
{[%clk 1:06:28]} Kd8 {[%clk 1:22:28]} 14. Rad1 {[%clk 1:06:42]} Nc6 {[%clk
1:22:27]} 15. c3 {[%clk 1:07:03]} Nf6 {[%clk 1:20:04]} 16. Qf3 {[%clk 1:05:30]}
h6 {[%clk 1:17:17]} 17. Na5 {[%clk 0:59:06]} Ke7 {[%clk 1:08:33]} 18. Nxc6+
{[%clk 0:58:07]} dxc6 {[%clk 1:07:19]} 19. Nc4 {[%clk 0:56:07]} Bb8 {[%clk
1:06:02]} 20. Nb6 {[%clk 0:56:02]} Bxf4 {[%clk 1:06:01]} 21. Nxa8 {[%clk
0:52:56]} Bb8 {[%clk 1:06:13]} 22. Nb6 {[%clk 0:52:46]} Nd7 {[%clk 1:04:54]} 23.
Nc4 {[%clk 0:50:44]} Ne5 {[%clk 1:04:30]} 24. Nxe5 {[%clk 0:50:50]} Bxe5 {[%clk
1:04:37]} 25. Rfe1 {[%clk 0:51:00]} Rd8 {[%clk 1:02:43]} 26. Qe3 {[%clk 0:48:45]}
Bc7 {[%clk 1:02:30]} 27. Qc5+ {[%clk 0:47:13]} Bd6 {[%clk 1:01:15]} 28. Qb6
{[%clk 0:46:58]} Qf6 {[%clk 1:00:02]} 29. Bf1 {[%clk 0:41:18]} Kf8 {[%clk
0:58:51]} 30. g3 {[%clk 0:40:19]} Qe7 {[%clk 0:58:59]} 31. b4 {[%clk 0:37:46]}
Bc7 {[%clk 0:58:56]} 32. Qe3 {[%clk 0:37:50]} Kg7 {[%clk 0:58:59]} 33. a3 {[%clk
0:37:03]} f6 {[%clk 0:55:28]} 34. h4 {[%clk 0:35:00]} e5 {[%clk 0:55:09]} 35.
Rxd8 {[%clk 0:34:06]} Qxd8 {[%clk 0:55:24]} 36. Qd3 {[%clk 0:34:24]} Qf8 {[%clk
0:54:34]} 37. Rd1 {[%clk 0:33:19]} Qf7 {[%clk 0:53:34]} 38. Qc4 {[%clk 0:29:33]}
Be6 {[%clk 0:53:23]} 39. Qc5 {[%clk 0:29:53]} f5 {[%clk 0:52:51]} 40. Bh3 {[%clk
0:25:49]} Bd5 {[%clk 0:52:00]} 41. Qe3 {[%clk 0:19:00]} 1/2-1/2

[Event "9th Vellmar Chess Days"]
[Site "chess24.com"]
[Date "2017.07.14"]
[Round "3"]
[White "Held, Maurice"]
[Black "Reitz, Philipp"]
[Result "0-1"]
[Board "32"]
[WhiteElo "1819"]
[WhiteCountry "GER"]
[WhiteFideId "12952761"]
[WhiteEloChange "-6"]
[BlackElo "1976"]
[BlackCountry "GER"]
[BlackFideId "12973297"]
[BlackEloChange "6"]

1. c4 {[%clk 1:30:59]} c5 {[%clk 1:30:50]} 2. g3 {[%clk 1:31:24]} Nc6 {[%clk
1:31:12]} 3. Bg2 {[%clk 1:31:48]} g6 {[%clk 1:31:34]} 4. Nc3 {[%clk 1:32:13]} Bg7
{[%clk 1:32:00]} 5. e3 {[%clk 1:32:39]} e5 {[%clk 1:32:27]} 6. Nge2 {[%clk
1:33:03]} Nge7 {[%clk 1:32:52]} 7. a3 {[%clk 1:32:43]} a5 {[%clk 1:33:12]} 8. O-O
{[%clk 1:32:44]} O-O {[%clk 1:33:37]} 9. Nd5 {[%clk 1:30:23]} d6 {[%clk 1:33:18]}
10. Nec3 {[%clk 1:29:56]} Rb8 {[%clk 1:32:11]} 11. Rb1 {[%clk 1:28:17]} Be6
{[%clk 1:29:31]} 12. d3 {[%clk 1:27:11]} Kh8 {[%clk 1:26:05]} 13. b4 {[%clk
1:26:09]} axb4 {[%clk 1:25:55]} 14. axb4 {[%clk 1:26:22]} Bxd5 {[%clk 1:25:59]}
15. cxd5 {[%clk 1:21:10]} Nxb4 {[%clk 1:26:13]} 16. Ba3 {[%clk 1:21:29]} Na6
{[%clk 1:26:00]} 17. Rb3 {[%clk 1:20:27]} Nc7 {[%clk 1:17:31]} 18. Qb1 {[%clk
1:20:32]} b5 {[%clk 1:14:25]} 19. Nxb5 {[%clk 1:19:01]} Ncxd5 {[%clk 1:13:05]}
20. e4 {[%clk 1:12:46]} Rxb5 {[%clk 1:10:53]} 21. Rxb5 {[%clk 1:12:06]} Nc3
{[%clk 1:11:17]} 22. Qb3 {[%clk 1:12:10]} Nxb5 {[%clk 1:11:40]} 23. Qxb5 {[%clk
1:12:35]} Qa8 {[%clk 0:44:33]} 24. Bb2 {[%clk 1:08:18]} Qc6 {[%clk 0:41:39]} 25.
Qxc6 {[%clk 1:07:41]} Nxc6 {[%clk 0:42:03]} 26. Ra1 {[%clk 1:07:47]} Rd8 {[%clk
0:38:27]} 27. Bf1 {[%clk 1:06:07]} Kg8 {[%clk 0:36:58]} 28. Ra6 {[%clk 1:05:52]}
Nd4 {[%clk 0:35:06]} 29. Bxd4 {[%clk 1:06:13]} exd4 {[%clk 0:35:01]} 30. Be2
{[%clk 1:04:17]} Kf8 {[%clk 0:34:05]} 31. Bd1 {[%clk 1:04:36]} Rb8 {[%clk
0:31:03]} 32. Ba4 {[%clk 0:58:30]} Rb4 {[%clk 0:26:25]} 33. Kf1 {[%clk 0:53:59]}
c4 {[%clk 0:16:35]} 34. Ra8+ {[%clk 0:53:56]} Ke7 {[%clk 0:16:56]} 35. Ra7+
{[%clk 0:54:11]} Kd8 {[%clk 0:14:25]} 36. dxc4 {[%clk 0:52:32]} d3 {[%clk
0:13:03]} 37. f4 {[%clk 0:44:37]} Rb1+ {[%clk 0:12:54]} 38. Kf2 {[%clk 0:45:00]}
Bd4+ {[%clk 0:13:12]} 0-1

[Event "9th Vellmar Chess Days"]
[Site "chess24.com"]
[Date "2017.07.14"]
[Round "3"]
[White "Schnegelsberg, Karl-Heinz"]
[Black "Woellenstein, Sebastian"]
[Result "1-0"]
[Board "33"]
[WhiteElo "1973"]
[WhiteCountry "GER"]
[WhiteFideId "4653335"]
[WhiteEloChange "4"]
[BlackElo "1736"]
[BlackCountry "GER"]
[BlackFideId "12974706"]
[BlackEloChange "-4"]

1. Nf3 {[%clk 1:30:57]} c5 {[%clk 1:30:51]} 2. g3 {[%clk 1:30:15]} g6 {[%clk
1:31:15]} 3. e4 {[%clk 1:30:09]} d6 {[%clk 1:31:40]} 4. Bg2 {[%clk 1:30:13]} Bg7
{[%clk 1:32:06]} 5. O-O {[%clk 1:30:33]} Nc6 {[%clk 1:32:31]} 6. c3 {[%clk
1:29:35]} e6 {[%clk 1:31:51]} 7. d3 {[%clk 1:26:31]} Nge7 {[%clk 1:31:53]} 8. Re1
{[%clk 1:22:05]} Rb8 {[%clk 1:30:41]} 9. a4 {[%clk 1:17:02]} b6 {[%clk 1:30:25]}
10. Na3 {[%clk 1:08:59]} O-O {[%clk 1:29:53]} 11. h4 {[%clk 1:08:03]} Bb7 {[%clk
1:28:45]} 12. h5 {[%clk 1:08:02]} d5 {[%clk 1:27:26]} 13. h6 {[%clk 1:05:31]} Bh8
{[%clk 1:27:44]} 14. Qe2 {[%clk 1:04:21]} d4 {[%clk 1:24:01]} 15. cxd4 {[%clk
0:58:54]} Nxd4 {[%clk 1:24:26]} 16. Nxd4 {[%clk 0:59:16]} Bxd4 {[%clk 1:24:41]}
17. Nb5 {[%clk 0:58:48]} Bh8 {[%clk 1:22:32]} 18. Nxa7 {[%clk 0:58:10]} Ba6
{[%clk 1:22:59]} 19. Ra3 {[%clk 0:54:51]} Qd7 {[%clk 1:20:33]} 20. Nb5 {[%clk
0:51:37]} Bxb5 {[%clk 1:21:02]} 21. axb5 {[%clk 0:51:52]} Qxb5 {[%clk 1:21:18]}
22. Bg5 {[%clk 0:46:39]} Nc6 {[%clk 1:17:15]} 23. e5 {[%clk 0:42:19]} Nxe5 {[%clk
1:15:18]} 24. Bf4 {[%clk 0:42:10]} f6 {[%clk 1:15:05]} 25. Rea1 {[%clk 0:39:17]}
Rbd8 {[%clk 1:14:23]} 26. Bxe5 {[%clk 0:37:22]} fxe5 {[%clk 1:14:49]} 27. Be4
{[%clk 0:37:30]} Rd4 {[%clk 1:11:53]} 28. Qg4 {[%clk 0:37:13]} Re8 {[%clk
0:46:32]} 29. Ra8 {[%clk 0:35:13]} Rdd8 {[%clk 0:38:54]} 30. Rxd8 {[%clk
0:34:25]} Rxd8 {[%clk 0:39:19]} 31. Qxe6+ {[%clk 0:34:18]} Kf8 {[%clk 0:39:45]}
32. Bc6 {[%clk 0:30:03]} Qxd3 {[%clk 0:39:22]} 33. Ra7 {[%clk 0:30:15]} Qf5
{[%clk 0:38:49]} 34. Qe7+ {[%clk 0:30:25]} Kg8 {[%clk 0:39:06]} 1-0